000 01792cam a22003612i 4500
003 SA_RiAUC
003 SA-RiAUC
005 20251221132638.0
008 251202s2002____su o g b 000 0 ara c
040 _aSA-JeALM
_bara
_cSA-RiAUC
_erda
043 _aa-su---
050 4 _b.K87 2002
082 0 4 _a215.1
_qSA-RiAUC
090 _a215.1
_bك ر د
100 1 _aكردي، عبيد الله بن محمد أمين،
_d1360 هجري-
_eمؤلف.
245 1 0 _aالكعبة المعظمة والحرمان الشريفان :
_bعمارة وتاريخا /
_cعبيد الله محمد أمين كردي.
264 1 _aالرياض ؛
_aجدة، السعودية :
_bمجموعة بن لادن السعودية،
_c1999
300 _a353 صفحة :
_bصور ؛
_c40 سم.
336 _aنص
_btxt
_2rdacontent
_3كتاب
337 _aبدون وسيط
_bn
_2rdamedia
338 _aمجلد
_bnc
_2rdacarrier
490 0 _aموسوعة المشاريع الهندسية العملاقة في عهد خادم الحرمين الشريفين الملك فهد بن عبد العزيز آل سعود
500 _aاهداء من رياض عبدالمنعم قاضي الى الشيخ رحمه الله بتاريخ 1 / 10 / 1422 هـ
504 _aببليوجرافية : صفحة 352-353.
610 2 7 _aالمسجد الحرام
_xتاريخ
_2aucnm
610 2 7 _aالمسجد النبوي الشريف
_xتاريخ
_2aucnm
650 7 _aالأماكن المقدسة الإسلامية
_zالسعودية
_2aucsh
650 7 _aالعمارة الإسلامية
_zالمدينة المنورة
_2aucsh
650 7 _aالعمارة الإسلامية
_zمكة المكرمة
_2aucsh
942 _2ddc
_cBOOK
_n0
949 _aSA-JeALM
_d251202
_uosman123
_n1
999 _c13610
_d13610